Normal view
MARC view
Entry Personal Name
001 - CONTROL NUMBER
- control field: 52793
003 - CONTROL NUMBER IDENTIFIER
- control field: dpl
005 - DATE AND TIME OF LATEST TRANSACTION
- control field: 20121003122644.0
008 - FIXED-LENGTH DATA ELEMENTS
- fixed length control field: 121003|||a|||||| | ||| d
040 ## - CATALOGING SOURCE
- Original cataloging agency: dpl
- Transcribing agency: dpl
100 ## - HEADING--PERSONAL NAME
- Personal name: Blyton, Enid
670 ## - SOURCE DATA FOUND
- Source citation: Work cat.: (dpl)60340: Blyton, Enid , The castle of adventure /, 2006
670 ## - SOURCE DATA FOUND
- Source citation: Work cat.: (dpl)60340: Blyton, Enid , The castle of adventure /, 2006
